00463 a2200157 4500010001400000020002300014035001300037037001400050082001000064100002000074245007000094260004400164270004800208300002900256500002000285 aENG-86132 a8120331877c225.00 aEN-69665 bDBAD/ PUB14a005.31 aFrye, Curtis D.1 aMicrosoft office excel 2007 plain and simple /cby Curtis D. Frye aNew DelhibPrentice Hall of Indiac2007 aM-97, Cannaught Circus,bNew Delhie110 001 axi, 270 p.c18cm. (Pbk.) aIncludes index